000 00458 a2200217 4500
260 _aParis
260 _bVigot
245 _aChecklist : réanimation médicale
650 _aREANIMATION
100 _aSchuster, H.-P.
700 _aPop, T.
700 _aWelermann, S.
260 _c1997
300 _a351 p.
035 _a8461
035 _a8460
035 _a9263
999 _c18249
_d18249